MAHABHARATA (Record no. 33983)

MARC details
000 -LEADER
fixed length control field 00249nam a22001217a 4500
003 - CONTROL NUMBER IDENTIFIER
control field SGT
082 ## - DEWEY DECIMAL CLASSIFICATION NUMBER
Classification number 294.59
Item number CHO
100 ## - MAIN ENTRY--PERSONAL NAME
Personal name CHOWDHURY U RAY
245 ## - TITLE STATEMENT
Title MAHABHARATA
260 ## - PUBLICATION, DISTRIBUTION, ETC. (IMPRINT)
Place of publication, distribution, etc INDIA
Name of publisher, distributor, etc HACHETTE PUB
Year of Publication 2015
300 ## - PAGE DESCRIPTION
No. of Pages 226
942 ## - ADDED ENTRY ELEMENTS (KOHA)
Source of classification or shelving scheme Dewey Decimal Classification
Koha item type Books
Holdings
Withdrawn status Lost status Source of classification or shelving scheme Damaged status Not for loan Collection code Home library Current library Shelving location Date acquired SGTU Total Checkouts Full call number Accession No. (Barcode) Date last seen Bill Date Koha item type
    Dewey Decimal Classification     MASS COMMUNICATION SGT Science & Social Sciences Library SGT Science & Social Sciences Library Text Book 05/02/2026 SGTU   294.59 CHO MC1642 05/02/2026 05/02/2026 Books